[Event "tht Extraliga 16/17,Labortech Ostrava-SK AD Jicin"]
[Site "Brno"]
[Date "2017.04.02"]
[Round "11.2"]
[White "Tazbir, Marcin"]
[Black "Jakubiec, Artur"]
[WhiteElo "2512"]
[BlackElo "2489"]
[Result "1/2-1/2"]

1. d4  d5  2. Nf3  Nf6
3. c4  c6  4. e3
Bg4  5. h3  Bxf3
6. Qxf3  e6  7. Bd3
Nbd7  8. O-O  g6
9. b3  Bg7  10. Ba3
Bf8  11. Bb2  Bg7
12. Nd2  O-O  13. Rad1
Qc7  14. Qe2  e5
15. cxd5  Nxd5  16. Nf3
Rfe8  1/2-1/2

[Event "tht Extraliga 16/17,Labortech Ostrava-SK AD Jicin"]
[Site "Brno"]
[Date "2017.04.02"]
[Round "11.3"]
[White "Pakleza, Zbigniew"]
[Black "Bulski, Krzysztof"]
[WhiteElo "2489"]
[BlackElo "2528"]
[Result "1/2-1/2"]

1. d4  g6  2. Nf3  Bg7
3. g3  Nf6  4. Bg2
O-O  5. c4  d6
6. O-O  Nc6  7. Nc3  Bf5
8. d5  Na5  9. Nd2
c5  10. e4  Bd7
11. Qc2  a6  12. b3  b5
13. Bb2  1/2-1/2

[Event "tht Extraliga 16/17,Labortech Ostrava-SK AD Jicin"]
[Site "Brno"]
[Date "2017.04.02"]
[Round "11.4"]
[White "Bures, Jaroslav"]
[Black "Rasik, Vitezslav"]
[WhiteElo "2386"]
[BlackElo "2467"]
[Result "1/2-1/2"]

1. e4  d6  2. d4  g6
3. Nc3  Bg7  4. f4
Nf6  5. Nf3  O-O
6. Bd3  Nh5  7. O-O
Bg4  8. Be2  Nc6
9. d5  Nb4  10. h3
Bd7  11. a3  Na6
12. Nd4  Ng3  13. Bxa6
bxa6  14. Rf3  Nh5
15. g4  Nf6  16. e5
Ne8  17. e6  c5
18. exf7+  Rxf7  19. Ne6  Bxe6
20. dxe6  Rf8  21. Nd5
Nc7  22. Nxc7  Qxc7
23. Qd5  Rab8  24. f5
Qb7  25. Qxb7  Rxb7
26. c3  1/2-1/2

[Event "tht Extraliga 16/17,Labortech Ostrava-SK AD Jicin"]
[Site "Brno"]
[Date "2017.04.02"]
[Round "11.5"]
[White "Kociscak, Jiri"]
[Black "Kraus, Tomas"]
[WhiteElo "2477"]
[BlackElo "2418"]
[Result "1-0"]

1. d4  Nf6  2. c4  e6
3. Nf3  Bb4+  4. Nbd2
b6 5. e3  Bb7  6. Bd3
O-O  7. O-O  c5
8. a3  Bxd2  9. Bxd2  d6
10. Bc3  Nbd7  11. Nd2
Qe7  12. Qc2  Rfe8
13. Ne4  Bxe4  14. Bxe4
Nxe4  15. Qxe4  d5
16. Qd3  dxc4  17. Qxc4
cxd4  18. Qxd4  e5
19. Qg4  Nf6  20. Qf3
Rad8  21. Rad1  Qe6
22. e4 h6  23. Qe2  a5
24. f3  Rxd1  25. Rxd1
Qc6  26. Rd3  Re6
27. Qd2  Qc5+  28. Kh1
Nh5  29. g3  Nf6
30. Kg2  Kh7  31. Rd8
Qc6  32. Rd5  Qc7
33. Rd8  Qc6  34. Qd3
Ng8  35. Rd7  Kg6
36. Bxe5  Rxe5  37. Rd6+
Qxd6  38. Qxd6+  Re6
39. Qd4  Kh7  40. f4
Ne7  41. f5  Rf6
42. g4  1-0

[Event "tht Extraliga 16/17,Labortech Ostrava-SK AD Jicin"]
[Site "Brno"]
[Date "2017.04.02"]
[Round "11.6"]
[White "Vykouk, Jan"]
[Black "Velicka, Petr"]
[WhiteElo "2424"]
[BlackElo "2432"]
[Result "1/2-1/2"]

1. e4  c6  2. d4  d5
3. Nd2  dxe4  4. Nxe4
Bf5  5. Ng3  Bg6
6. h4  h6  7. Nf3
e6  8. Ne5  Bh7
9. Bd3  Bxd3  10. Qxd3  Nd7
11. f4  Be7  12. Bd2
Nxe5  13. fxe5  Bxh4
14. O-O-O  Bxg3  15. Qxg3
Ne7  16. Qxg7  Rg8
17. Qxh6  Qd5  18. Kb1
Qxg2  19. Qf6  Qg6
20. Qxg6  Rxg6  21. Rh8+
Ng8  22. Rf1  O-O-O
23. Rxf7  Rg1+  24. Bc1
Rxd4  25. Rhh7  Rdd1
26. Rf8+  Rd8  27. Rxd8+
Kxd8  28. Rxb7  Ne7
29. Rxa7  Nd5  30. Ra4
Re1  31. Rd4  Kc8
32. a3  Rxe5  33. c4
Ne3  34. Bxe3  Rxe3
35. Kc2  c5  36. Rd3
Re1  37. Rh3  Re2+
38. Kc3  Kc7  39. Rh5
Kd6  40. b4  Re3+
41. Kd2  Rxa3  42. Rxc5
Rb3  43. Rb5  Kc6
44. Kc2  Rh3  45. Ra5
Kd6  46. Ra6+  Ke5
47. b5  Kd4  48. Rc6
e5  49. b6  Rh2+
50. Kb3  Rh1  51. c5
e4  52. Ka2  Rh8
53. b7  Rb8  54. Rc7
e3  55. c6  Kc5
56. Re7  Kxc6  57. Rxe3  Rxb7
1/2-1/2

[Event "tht Extraliga 16/17,Labortech Ostrava-SK AD Jicin"]
[Site "Brno"]
[Date "2017.04.02"]
[Round "11.7"]
[White "Biolek, Richard"]
[Black "Svoboda, Svatopluk"]
[WhiteElo "2442"]
[BlackElo "2427"]
[Result "1/2-1/2"]

1. d4  Nf6  2. c4  g6
3. Nc3  d5  4. Bf4
Bg7  5. e3  c5
6. dxc5  Qa5  7. Rc1  dxc4
8. Bxc4  O-O  9. Nf3
Nc6  10. O-O  Qxc5
11. Nb5  Qh5  12. Nc7
Rb8  13. Nd5  e5
14. Nxf6+  Bxf6  15. Bg3
Qf5  16. e4  Qxe4
17. Qd6  Be7  18. Qd5
Qxd5  19. Bxd5  Be6
20. Bxe6  fxe6  21. Nxe5
Nxe5  22. Bxe5  Rbc8
23. g3  Kf7  24. Rfd1
Rxc1  25. Rxc1  Bd8
26. Bd4  a6  27. Kg2
Re8  28. Rc8  Ba5
29. Rxe8  Kxe8  30. g4
Bc7  31. h3  Kd7
32. Kf3  e5  33. Be3
Ke6  34. Ke4  Bd6
35. Bb6  Bb8  36. Be3 1/2-1/2

[Event "tht Extraliga 16/17,Labortech Ostrava-SK AD Jicin"]
[Site "Brno"]
[Date "2017.04.02"]
[Round "11.8"]
[White "Svoboda, Vaclav"]
[Black "Talla, Vladimir"]
[WhiteElo "2422"]
[BlackElo "2438"]
[Result "1/2-1/2"]

1. e4  e5  2. Nf3  Nc6
3. Bb5  a6  4. Ba4
Nf6  5. O-O  Be7
6. Bxc6  dxc6  7. d3
Qd6  8. Nbd2  Be6
9. Ng5  Nd7  10. Nxe6
Qxe6  11. Nc4  Bc5
12. a4  O-O  13. Qe2
Rfe8  14. Kh1  Nf8
15. f4  exf4  16. Bxf4
Bd6  17. Qf3  Ng6
18. Bg3  f6  19. Ne3
Ne5  20. Bxe5  Bxe5
21. Nf5  g6  22. Ne3
Rf8  23. Rad1  Kg7
24. b3  Bd4  25. Rde1
Rae8  26. Qg3  Bxe3
27. Qxe3  b6  28. d4
f5  29. e5  b5
30. axb5  axb5  31. Rd1  b4
32. Qd2  Rb8  33. Rf3
Rfd8  34. Rd3  Rd7
35. Qe1  Kg8  36. h3 Rd5
37. Qd2  Qe7  38. Qe1
Rbd8  39. c4  bxc3
40. Qxc3  c5  41. dxc5
Rxd3  42. Rxd3  Rxd3 43. Qxd3
Qxe5  44. b4  Kf8
45. Qd7  Qe1+  1/2-1/2

[Event "tht Extraliga 16/17,SK Slavoj Poruba-Rapid Pardubice"]
[Site "Brno"]
[Date "2017.04.02"]
[Round "11.1"]
[White "Bobras, Piotr"]
[Black "Movsesian, Sergei"]
[WhiteElo "2522"]
[BlackElo "2677"]
[Result "1/2-1/2"]

1. e4  e5  2. Nf3  Nc6
3. Bb5  a6  4. Ba4
Nge7  5. c3  g6
6. d4  exd4  7. cxd4  b5
8. Bb3  Bg7  9. d5
Na5  10. Bd2  c5
11. d6  Nec6  12. Bg5
1/2-1/2

[Event "tht Extraliga 16/17,SK Slavoj Poruba-Rapid Pardubice"]
[Site "Brno"]
[Date "2017.04.02"]
[Round "11.2"]
[White "Kempinski, Robert"]
[Black "Markowski, Tomasz"]
[WhiteElo "2594"]
[BlackElo "2574"]
[Result "1/2-1/2"]

1. d4  d5  2. c4  c6
3. Nf3  Nf6  4. e3
e6  5. Nc3  a6
6. b3  Bb4  7. Bd2  Nbd7
8. Bd3  O-O  9. O-O
Qe7  10. Qc2  e5
11. Nxe5  Nxe5  12. dxe5
Qxe5  13. Nxd5  Nxd5
14. cxd5  Bxd2  15. Qxd2
Qxd5  16. Rad1  a5
17. Qc2  Qh5  18. e4
Be6  19. Be2  Qh4
20. f4  Rad8  21. f5
Bc8  22. Bf3  Qe7
23. Qc3  Qc7  24. g3
f6  25. Kg2  h6
26. Rxd8  Rxd8  27. Rd1  Rxd1
28. Bxd1  Qe5  1/2-1/2

[Event "tht Extraliga 16/17,SK Slavoj Poruba-Rapid Pardubice"]
[Site "Brno"]
[Date "2017.04.02"]
[Round "11.3"]
[White "Jakubowski, Krzysztof"]
[Black "Votava, Jan"]
[WhiteElo "2534"]
[BlackElo "2507"]
[Result "0-1"]

1. d4  Nf6  2. Bg5  d5
3. e3  c6  4. Nd2
Nbd7  5. Ngf3  h6
6. Bh4  e6  7. c3
Be7  8. Bd3  b6
9. Qe2  Bb7  10. O-O-O  c5
11. Bb5  a6  12. Bxd7+
Nxd7  13. Bxe7  Qxe7
14. Ne5  Nxe5  15. dxe5
O-O-O  16. f4  Kc7
17. Kb1  a5  18. Ka1
Bc6  19. Nb1  b5
20. Rd2  Kb6  21. Rhd1
f6  22. Qh5  Be8
23. Qh4  g5  24. exf6
Qxf6  25. Qe1  Bh5
26. Rc1  gxf4  27. exf4
Qxf4  28. Qxe6+  Rd6
29. Qh3  Bg6  30. g3
Qe3  31. Rcd1  Rhd8
32. Qf1  b4  33. Re1
Qg5  34. Rf2  Re8
35. Rxe8  Bxe8  36. Rf8
Re6  37. Rf5  Qd8
38. cxb4  axb4  39. a3
bxa3  40. Nxa3  Bc6
41. Rf3  Re4  42. Qf2
Qe7  43. Rb3+  Kc7
44. Qd2  d4  45. Qa5+
Kd7  46. Qa7+  Ke8
47. Qa6  Re1+  48. Ka2
Bd5  49. Nc4  Qe6
50. Rb8+  Kf7  51. Qa7+
Qe7  52. Qa4  Rc1
0-1

[Event "tht Extraliga 16/17,SK Slavoj Poruba-Rapid Pardubice"]
[Site "Brno"]
[Date "2017.04.02"]
[Round "11.4"]
[White "Petr, Martin"]
[Black "Cvek, Robert"]
[WhiteElo "2492"]
[BlackElo "2518"]
[Result "0-1"]

1. Nf3  Nf6  2. g3  b6
3. Bg2  Bb7  4. O-O
c5  5. c4 g6  6. Nc3
Bg7  7. d4  cxd4
8. Nxd4  Bxg2  9. Kxg2
Qc8  10. e4  Nc6
11. Be3  O-O  12. Rc1
Qb7  13. f3  Rac8
14. b3  d6  15. Qd2
a6  16. a4  Rfe8
17. Nc2  Na5  18. Rb1
Nd7  19. Na3  h5
20. Nd5  Nc6  21. Bh6
Bh8  22. Nc2  Kh7
23. Be3  b5  24. a5
e6  25. Nb6  Nxb6
26. axb6  bxc4  27. bxc4
Ne5  28. Na3  Red8
29. Qe2  Qc6  30. Rb3
Rd7  31. Rc1  Qa4
32. Qc2  Rb7  33. f4
Nd7  34. Rcb1  Qc6
35. Kg1  Nc5  36. Bxc5
Qxc5+  37. Kg2  Rcb8
38. f5  Rxb6  39. fxg6+
fxg6  40. Rxb6  Rxb6
41. Rxb6  Qxb6  42. Qd3
Qd4  43. Qf3  Qc3
44. Qxc3  Bxc3  45. Kf3
Kg7  46. Ke2  Kf6
47. Kd3  Be5  48. Nc2
Kg5  49. Ne3  h4
50. gxh4+  Kxh4  51. Nf1
Kh3  52. Nd2  Kg2
53. Ke2  a5  54. Nf3
Bf6  55. e5  dxe5
56. c5  e4  57. Nd2
a4  58. c6  Bd8
59. h4  a3  60. Ke3  a2
61. Nb3  Kg3  62. Kxe4
Bc7  63. Kd3  Kxh4
64. Kc2  g5  65. Kb2
g4  66. Nd4  g3
67. Nxe6  g2  0-1

[Event "tht Extraliga 16/17,SK Slavoj Poruba-Rapid Pardubice"]
[Site "Brno"]
[Date "2017.04.02"]
[Round "11.5"]
[White "Kanovsky, David"]
[Black "Repka, Christopher"]
[WhiteElo "2409"]
[BlackElo "2461"]
[Result "0-1"]

1. e4  c6  2. d4  g6
3. Nc3  Bg7  4. Nf3
d6  5. h3  b5
6. a3  Nd7  7. Be2  Qc7
8. O-O  Ngf6  9. Re1
e5  10. Be3  O-O
11. Qd2  Re8  12. Bh6
Bh8  13. Rad1  a5
14. dxe5  dxe5  15. Ng5
Bg7  16. Bxg7  Kxg7
17. b4  axb4  18. axb4
Ra3  19. Ra1  Qa7
20. Qc1  Rxa1  21. Qxa1
Qb6  22. Qa2  Re7
23. Ra1  Nf8  24. Qa5
Qd4  25. Qa3  Qd6
26. Bd3  Nh5  27. Nf3
Ne6  28. Ne2  h6
29. Qc3  Nef4  30. Nxf4
Nxf4  31. Ra8  Bd7
32. Ra6  g5  33. Ra1
Qg6  34. Bf1  Qxe4
35. Re1  Nd5  36. Rxe4
Nxc3  37. Rxe5  Kf6
38. Rxe7  Kxe7  39. Ne5
f6  40. Nd3  Bf5
41. f4  Bxd3  42. Bxd3
Nd5  43. fxg5  fxg5
44. Kf2  Nxb4  45. Bh7
Kd6  46. g3  Kc5
47. Ke3  Kc4  48. Kd2
Nd5  49. h4  Kd4
50. hxg5  hxg5  51. Bf5
c5  52. Be6  b4
53. Bf5  Ne3  54. Bg6  Nf1+
0-1

[Event "tht Extraliga 16/17,SK Slavoj Poruba-Rapid Pardubice"]
[Site "Brno"]
[Date "2017.04.02"]
[Round "11.6"]
[White "Jirovsky, Milos"]
[Black "Malinovsky, Karel"]
[WhiteElo "2446"]
[BlackElo "2479"]
[Result "1/2-1/2"]

1. c4  e6  2. Nf3  d5
3. e3  Nf6  4. d4
Be7  5. Bd3  O-O
6. O-O  b6  7. b3
Bb7  8. Bb2  Nbd7
9. Nc3  c5  10. cxd5
Nxd5  11. Nxd5  Bxd5
12. Rc1  Bf6  13. Ba3
Rc8  14. dxc5  Nxc5
15. Bxc5  bxc5  16. Qe2
Qa5  17. Rc2  g6
18. Rfc1  Bb7  19. Ne1
Rfd8  20. Bc4  Kg7
21. Nd3  Qb6  22. f3
Rc7  23. Nf2  Rcd7
24. Rd1  Rxd1+  25. Nxd1
Qd6  26. Nf2  Be5
27. h3  Bg3  28. Nd3
e5  29. Nf2  f5
30. Kf1  g5  31. Rc1  Qd2
32. Rd1  Qxe2+  33. Bxe2
Rxd1+  34. Bxd1  Bxf2
35. Kxf2  f4  36. Be2
Kf6  37. e4  h5
38. Ke1  Bc8  39. Kd2  Ke7
40. Kc3  a5  41. a4
Be6  42. Bc4  Bc8
43. Be2  Kd6  44. Bc4
Bb7  45. Kd2  1/2-1/2

[Event "tht Extraliga 16/17,SK Slavoj Poruba-Rapid Pardubice"]
[Site "Brno"]
[Date "2017.04.02"]
[Round "11.7"]
[White "Caletka, Radomir"]
[Black "Konopka, Michal"]
[WhiteElo "2349"]
[BlackElo "2390"]
[Result "1/2-1/2"]

1. c4  c6  2. Nf3  d5
3. e3  Nf6  4. Nc3
g6  5. d4  Bg7
6. Be2  O-O  7. O-O  Bg4
8. cxd5  cxd5  9. Qb3
Bc8  10. Bd2  Nc6
11. Rfc1  e6  12. Na4
Ne4  13. Be1  Qe7
14. Rc2  Nd6  15. Rac1
Bd7  16. Nc5  Rfb8
17. Qa3  Be8  18. Nd3
Rc8  19. Nde5  f6
20. Nxc6  Rxc6  21. Bb4
Bf8  22. Rxc6  Bxc6
23. Bc5  Qd7  1/2-1/2

[Event "tht Extraliga 16/17,SK Slavoj Poruba-Rapid Pardubice"]
[Site "Brno"]
[Date "2017.04.02"]
[Round "11.8"]
[White "Pulpan, Jakub"]
[Black "Klima, Lukas"]
[WhiteElo "2371"]
[BlackElo "2344"]
[Result "1/2-1/2"]

1. c4  e5  2. Nc3  Nf6
3. Nf3  Nc6  4. e3
Bb4  5. Qc2  O-O
6. Nd5  Nxd5  7. cxd5
Ne7 8. Qe4  Bc5  9. Nxe5
d6  10. Nd3  Bb6
11. Nf4  Bf5  12. Qf3
Qd7  13. Be2  Ng6
14. Nxg6  fxg6  15. Qg3
Be4  16. h4  Bxd5
17. h5  gxh5  18. Rxh5
c6  19. b3  Bf7
20. Rh1 Bg6  21. Bb2  Bd8
1/2-1/2

[Event "tht Extraliga 16/17,Lokomotiva Brno-BSS Frydek Mistek"]
[Site "Brno"]
[Date "2017.04.02"]
[Round "11.1"]
[White "Biolek, Richard"]
[Black "Azarov, Sergei"]
[WhiteElo "2445"]
[BlackElo "2576"]
[Result "0-1"]

1. e4  c5  2. Nf3  Nc6
3. d4  cxd4  4. Nxd4
Qb6  5. Nb3  Nf6
6. Nc3  e6  7. Bd3
a6  8. Be3  Qc7
9. f4  d6  10. Qf3  b5
11. g4  Bb7  12. g5
Nd7  13. O-O-O  Rc8
14. Qh3  Nb4  15. Kb1
Nxd3  16. cxd3  Nc5
17. g6  fxg6  18. Bxc5
dxc5  19. Qxe6+  Be7
20. d4  cxd4  21. Nxd4
Qd6  22. Qh3  O-O
23. e5  Qb6  24. Rhf1
Rfd8  25. Ne6  Rxd1+
26. Rxd1  b4  27. Nd5
Bxd5  28. Ng5  Qc6
29. Qxh7+  Kf8  30. Qh8+
Bg8  31. Nh7+  Kf7
32. e6+  Kxe6  33. f5+
Kf7  34. fxg6+  Qxg6+
0-1

[Event "tht Extraliga 16/17,Lokomotiva Brno-BSS Frydek Mistek"]
[Site "Brno"]
[Date "2017.04.02"]
[Round "11.2"]
[White "Fedorov, Aleksei"]
[Black "Druska, Juraj"]
[WhiteElo "2589"]
[BlackElo "2433"]
[Result "1-0"]

1. e4 c5  2. Nf3  Nc6  3. Nc3
g6  4. d4  cxd4
5. Nxd4  Bg7  6. Nb3 Nf6 7. Be2
O-O  8. O-O  d6  9. Bg5
Be6  10. f4  Rc8
11. Kh1  d5  12. Bxf6
Bxf6  13. exd5  Bxc3
14. dxc6  Bxb2  15. Rb1
Bf6  16. cxb7  Rb8
17. Qxd8  Rfxd8  18. Bf3
Bd5  19. Rfd1  e6
20. Bxd5  exd5  21. Nc5
Rd6  22. Ne4  Re6
23. Nxf6+  Rxf6  24. Rxd5
Rc6  25. Rb2  Kg7
26. g3  Kf6  27. Kg2
Ke6  28. Rdb5  Kd6
29. Kf3  Kc7  30. Ke4
f6  31. Kd4  Rb6
32. Rxb6  axb6  33. Kd5
f5  34. c4  1-0

[Event "tht Extraliga 16/17,Lokomotiva Brno-BSS Frydek Mistek"]
[Site "Brno"]
[Date "2017.04.02"]
[Round "11.3"]
[White "Burdalev, Kirill"]
[Black "Antoniewski, Rafal"]
[WhiteElo "2339"]
[BlackElo "2535"]
[Result "1/2-1/2"]

1. Nf3  Nf6  2. c4  g6
3. Nc3  Bg7  4. e4
O-O  5. d4  c6
6. Be3  d5  7. e5  Ne4
8. Rc1  Nxc3  9. bxc3
b6  10. Bd3  Ba6
11. cxd5  cxd5  12. O-O
Bxd3  13. Qxd3  Nc6
14. c4  dxc4  15. Qe4
Nb4  16. Rxc4  Qd5
17. Nd2  Qxe4  18. Nxe4
Nd5  19. Rfc1  f6
20. exf6  exf6  21. Nc3
Nxe3  22. fxe3  f5
23. Nd5  Rad8  24. Nc7
Bh6  25. R1c3  Rd7
26. Kf2  Re7  27. d5
Rd8  28. Rc6  Bg7
29. Rd3  Red7  30. Ne6
Rxd5  31. Rxd5  Rxd5
32. Rc8+  Kf7  33. Nxg7
Kxg7  34. Rc7+  Kf6
35. Rxa7  Rd2+  36. Kf3
h5  37. Rb7  Rb2
38. h4  Rxa2  39. Ke4 Ke5+
1/2-1/2

[Event "tht Extraliga 16/17,Lokomotiva Brno-BSS Frydek Mistek"]
[Site "Brno"]
[Date "2017.04.02"]
[Round "11.4"]
[White "Zwardon, Vojtech"]
[Black "Ramik, Zdenek"]
[WhiteElo "2406"]
[BlackElo "2187"]
[Result "1-0"]

1. c4  c5  2. g3  g6
3. Bg2  Bg7  4. Nc3
Nc6  5. d3  d6
6. Rb1  Nf6  7. Bg5  Bd7
8. a3  a5  9. Nf3
Rb8  10. O-O  O-O
11. Qd2  Ne8  12. Bh6
Nc7  13. Bxg7  Kxg7
14. d4  b6  15. b3
Qc8  16. d5  Nd8
17. a4  f6  18. Qb2
Nf7  19. Rbd1  g5
20. Ne1  Rh8  21. f4
h6  22. Nd3  Qg8
23. e4  gxf4  24. gxf4
Qh7  25. Rf3  Rbg8
26. e5  Bg4  27. Rg3
Kf8  28. Re1  Bf5
29. Ne4  Bxe4  30. Rxe4
Rxg3  31. hxg3  Qg7
32. exf6  exf6  33. Re3
f5  34. Bh3  Qg6
35. Nf2  Rg8  36. Qc2
Qf6  37. Qxf5  Qd4
38. Qe4  h5  39. Qe7+
Kg7  40. Rd3  Qa1+
41. Rd1  Qc3  42. Rd3
Qa1+  43. Kg2  Re8
44. Qxc7  Re1  45. Be6
Rg1+  46. Kh2  1-0

[Event "tht Extraliga 16/17,Lokomotiva Brno-BSS Frydek Mistek"]
[Site "Brno"]
[Date "2017.04.02"]
[Round "11.5"]
[White "Skliba, Martin"]
[Black "Rausis, Igors"]
[WhiteElo "2268"]
[BlackElo "2620"]
[Result "1/2-1/2"]

1. d4  Nf6  2. c4  c5
3. d5 e6  4. Nc3  exd5
5. cxd5  d6  6. e4
g6  7. h3  Bg7
8. Bd3  O-O  9. Nf3  b5
10. Bxb5  Nxe4  11. Nxe4
Qa5+  12. Nfd2  Qxb5
13. Nxd6  Qa6  14. N2c4
Nd7  15. O-O  Ne5
16. Nxe5  Qxd6  17. Nc4
Qa6  18. Ne3  Bb7
19. Qc2  f5  20. Rd1
Bd4  21. Bd2  f4
22. Ng4  Qd6  23. Bc3
Qxd5  24. Qb3  Qxb3
25. axb3  f3  26. Bxd4
cxd4  27. Rxd4  fxg2
28. Rd7  Bf3  29. Ne5
Be4  30. Raxa7  Rxa7
31. Rxa7  Rf5  32. Re7
Bd5  33. Ng4  Rf4
34. Ne3  Bf3  35. Nxg2
Rb4  36. Ne3  Rxb3
37. Kh2  Rxb2  38. Kg3 Rb7 39.
Kh2 Rb2 1/2-1/2

[Event "tht Extraliga 16/17,Lokomotiva Brno-BSS Frydek Mistek"]
[Site "Brno"]
[Date "2017.04.02"]
[Round "11.6"]
[White "Szotkowski, Jakub"]
[Black "Dvorak, Adam"]
[WhiteElo "2360"]
[BlackElo "2179"]
[Result "1-0"]

1. d4  Nf6  2. c4  e6
3. Nc3  d5  4. cxd5
exd5  5. Bg5  Be7
6. e3  Nbd7  7. Bd3
c6  8. Qc2  O-O
9. Nge2  Re8  10. O-O  Nf8
11. Rad1  Bg4  12. f3
Bh5  13. Ng3  Bg6
14. Nf5  Bxf5  15. Bxf5
Nh5  16. Bxe7  Qxe7
17. e4  Rad8  18. Qf2
Ng6  19. e5  Nhf4
20. g3  Qg5  21. Qc2
h5  22. Kh1  Ne6
23. f4  Qh6  24. Bxg6
fxg6  25. h4  Rf8
26. Ne2  Rf5  27. Ng1
Rdf8  28. Nh3  g5
29. Nxg5  Nxg5  30. hxg5
Qg6  31. Rf2  Qe6
32. Rh2  g6  33. Qc5
Qf7  34. Re1  Re8
35. Qxa7  h4  36. Rxh4
Rxg5  37. e6  Qf5
38. Qxb7  Rh5  39. Qf7+
Qxf7  40. exf7+  Kxf7
41. Rxe8  Rxh4+  42. gxh4
Kxe8  43. b4  1-0

[Event "tht Extraliga 16/17,Lokomotiva Brno-BSS Frydek Mistek"]
[Site "Brno"]
[Date "2017.04.02"]
[Round "11.7"]
[White "Kratochvil, Milan"]
[Black "Pisk, Petr"]
[WhiteElo "2216"]
[BlackElo "2349"]
[Result "1/2-1/2"]

1. e4  c6  2. d3  d5
3. Nd2  e5  4. Ngf3
Bd6  5. g3  Nd7
6. Bg2  Ngf6  7. O-O  O-O
8. Re1  Re8  9. c3
a5  10. d4  exd4
11. Nxd4  Nc5  12. exd5
Rxe1+  13. Qxe1  cxd5
14. N2b3  Nd3  15. Qe2
Nxc1  16. Rxc1  a4
17. Nd2  Bd7  18. Nf1
Qb6 1/2-1/2

[Event "tht Extraliga 16/17,Lokomotiva Brno-BSS Frydek Mistek"]
[Site "Brno"]
[Date "2017.04.02"]
[Round "11.8"]
[White "Vesselovsky, Serguei"]
[Black "Kulovana, Eva"]
[WhiteElo "2344"]
[BlackElo "2158"]
[Result "0-1"]

1. e4  c6  2. d4  d5
3. Nc3  dxe4  4. Nxe4
Bf5  5. Ng3  Bg6
6. h4  h6  7. Nf3
Nf6  8. Ne5  Bh7
9. Bd3  Bxd3  10. Qxd3
e6  11. Bd2  Be7
12. O-O-O  O-O  13. c4
Nbd7  14. f4  Qc7
15. Rhe1  b5  16. f5
bxc4  17. Qxc4  Nd5
18. fxe6  fxe6  19. Nxd7
Qxd7  20. Ne4  Rae8
21. g3  Bd6  22. Kb1
e5  23. Rc1  exd4
24. Qxd4  Be5  25. Qc4
Rb8  26. b3  Rb6
27. Ba5  Rb5  28. Bc3
Bxc3  29. Nxc3  Rb4
30. Qd3  Nxc3+  31. Qxc3
Rb6  32. Rcd1  Qf5+
33. Qd3  c5  34. Qxf5
Rxf5  35. Rd7  Rf3
36. Re8+  0-1

[Event "tht Extraliga 16/17,Duras Brno-Tatran Litovel"]
[Site "Brno"]
[Date "2017.04.02"]
[Round "11.1"]
[White "Shengelia, David"]
[Black "Luch, Michal"]
[WhiteElo "2570"]
[BlackElo "2401"]
[Result "1-0"]

1. d4 Nf6 2. Nf3 d5 3. Bf4 c5 4. e3 Qb6 5. b3 Bg4 6. Be2 Nc6 7. c3 cxd4 8. exd4
e6 9. O-O Be7 10. h3 Bh5 11. Nbd2 O-O 12. Ne5 Bxe2 13. Qxe2 Nxe5 14. dxe5 Nd7 15.
c4 Qd4 16. g3 Nb6 17. Nf3 Qc3 18. Rfc1 Qa5 19. Bd2 Qa6 20. Be3 Rfc8 21. Nd2 Nd7
22. Bd4 Bb4 23. Bc3 Bxc3 24. Rxc3 Nb6 25. a4 dxc4 26. a5 cxb3 27. Qxa6 bxa6 28.
Rxb3 Nd7 29. f4 Rc2 30. Rd1 Nc5 31. Rbb1 Rd8 32. Ne4 Rxd1+ 33. Rxd1 h6 34. Rd8+
Kh7 35. Rc8 Rc1+ 36. Kg2 Nb3 37. Rxc1 Nxc1 38. Nc5 Ne2 39. Nxa6 Nd4 40. Nb4 g5
41. fxg5 hxg5 42. Kf2 Kg6 43. Ke3 Nb3 44. a6 Kf5 45. Nc6 f6 46. Kd3 fxe5 47. Kc4
Nd2+ 48. Kb4 e4 49. Nxa7 e3 50. Nb5 Nf3 51. Nc3 Nd4 52. Kc5 Nb3+ 53. Kb6 Nd2 54.
a7 1-0

[Event "tht Extraliga 16/17,Duras Brno-Tatran Litovel"]
[Site "Brno"]
[Date "2017.04.02"]
[Round "11.2"]
[White "Zpevak, Pavel"]
[Black "Ponizil, Cyril"]
[WhiteElo "2351"]
[BlackElo "2481"]
[Result "1/2-1/2"]

1. c4  Nf6  2. Nf3  g6
3. d4  Bg7  4. Nc3
d5  5. cxd5  Nxd5
6. e4  Nxc3  7. bxc3
c5  8. Be3  Qa5
9. Bd2  O-O  10. Be2  Nc6
11. O-O  Bg4  12. d5
Bxf3  13. gxf3  Nd8
14. Rb1  f5  15. Bg5
Qc7  16. Qd2  Nf7
17. Bf4  Ne5  18. d6
Qxd6  19. Qxd6  exd6
20. Rxb7  fxe4  21. Bxe5
Bxe5  22. fxe4  Bxc3
23. Kg2  Bd4  24. f3
Rab8  25. Rfb1  Rxb7
26. Rxb7  a5  27. Bc4+
Kh8  28. a4  h5
29. h3  Rf6  30. Rb5  Bc3
31. Rb7  g5  32. Bd5
Rf8  33. Bc4  Rf4
34. Be6  Rf6  35. Bd5
Bd2  36. Rd7  Be3
37. Ra7  Bd2  38. Rd7
Be3  1/2-1/2

[Event "tht Extraliga 16/17,Duras Brno-Tatran Litovel"]
[Site "Brno"]
[Date "2017.04.02"]
[Round "11.3"]
[White "Polak, Tomas"]
[Black "Rosko, Lubos"]
[WhiteElo "2509"]
[BlackElo "2317"]
[Result "1-0"]

1. Nf3  Nf6  2. c4  g6
3. Nc3  Bg7  4. e4
c5  5. d4  cxd4
6. Nxd4 d6  7. Be2  Nc6  8. Be3
O-O  9. O-O  Bd7
10. Qd2  Nxd4  11. Bxd4
Bc6  12. f3  Nd7
13. Be3  a5  14. Rab1
a4  15. Rfc1  Nc5
16. b4  axb3  17. axb3
Ra3  18. Bd1  Ra8
19. b4  Ne6  20. Nd5
Re8  21. Bb3  Ra3
22. Kh1  Qb8  23. Nb6
Nf8  24. b5  Bd7
25. Qb4  Ra7  26. c5
dxc5  27. Bxc5  Be6
28. Bxe6  fxe6  29. Bxe7
Qf4  30. Bd6  Qg5
31. Qc5  Qh6  32. Qc4
Kh8  33. Rd1  Qg5
34. Bc5  Ra5  35. Bd4
e5  36. Bc3  Ra3
37. Bb4  Ra7  38. Nc8
Ra8  39. Nd6  Re7
40. Nf7+  Rxf7  41. Qxf7
1-0

[Event "tht Extraliga 16/17,Duras Brno-Tatran Litovel"]
[Site "Brno"]
[Date "2017.04.02"]
[Round "11.4"]
[White "Stachowiak, Kamil"]
[Black "Simacek, Pavel"]
[WhiteElo "2415"]
[BlackElo "2480"]
[Result "1/2-1/2"]

1. c4  Nf6  2. Nf3  c6
3. d4  d5  4. e3
Bf5  5. Nc3  e6
6. Be2  h6  7. O-O  Be7
8. b3  O-O  9. Bb2
Nbd7  10. Re1  Ne4
11. Nxe4  Bxe4  12. a3
Rc8  13. Nd2  Bh7
14. b4  Bd6  15. Bf1
Nf6  16. Rc1  Ne4
17. Nxe4  Bxe4  18. f3
Bh7  19. Qb3  dxc4
20. Qxc4  a5  21. Bc3
Qh4  22. g3  Qh5
23. Be2  Qg5  24. Kf2
Qh5  25. Kg1  Qh3
26. Bf1  1/2-1/2